000 00905nam a2200241 a 4500
001 58321
003 BD-RjUL
005 20211209080616.0
008 161217s1969 bg ||||| |||| 00| 0 ben d
020 _c:TK 10.00
035 _a(BD-RjUL)58445
040 _aBD-RjUL
_bben
_cBD-RjUL
041 _aben
082 _223
_a321.8
_bMIG 1969
100 _aমিল, জন স্টুয়ার্ট
_9173215
245 1 0 _aগণতান্ত্রিক সরকার /
_c জন স্টুয়ার্ট মিল
260 _aঢাকা :
_bবাংলা একাডেমী,
_c১৯৬৯
300 _a২২৭ পৃ. ;
_c২১ সেমি.
650 _aগণতান্ত্রিক সরকার
_9173216
650 _aRepresentative Government
_9173217
700 _aখান, দরবেশ আলী, অনুবাদ
_9173218
942 _2ddc
_cBK
999 _c58321
_d58321